Mobilita pre každý deň – produkt

Salvato in:
Dettagli Bibliografici
Autore principale: Bártfayová, Adriána (Autore)
Altri autori: Lipková, Michala (Relatore della tesi)
Natura: Manoscritto Libro
Lingua:slovacco
Pubblicazione: Bratislava 2016
Soggetti:
Accesso online:http://is.stuba.sk/zp/portal_zp.pl?podrobnosti=133710
Tags: Aggiungi Tag
Nessun Tag, puoi essere il primo ad aggiungerne!!

MARC

LEADER 00000ntm a22000003a 4500
001 stuzp59350
003 SK-STU
005 20210222072927.5
007 ta
008 150427s2015----xo-----f-mn---000-0-slo-d
040 |a STU  |b slo 
041 0 |a slo 
100 1 |a Bártfayová, Adriána  |u 059190  |4 aut  |U FAD Fakulta architektúry  |T FA Ústav dizajnu  |X 70402  |U A9190  |Y 400  |7 70402 
242 0 1 |a Mobilita pre každý deň – produkt  |y eng 
245 1 0 |a Mobilita pre každý deň – produkt 
260 |c 2016  |a Bratislava 
650 4 |a integrované ochranné prvky  |2 slo 
650 4 |a mobilita  |2 slo 
650 4 |a proti dažďu  |2 slo 
650 4 |a lifestyle  |2 slo 
650 4 |a bezpečnosť  |2 slo 
650 4 |a integrated security features  |2 eng 
650 4 |a mobility  |2 eng 
650 4 |a rainproof  |2 eng 
650 4 |a lifestyle  |2 eng 
650 4 |a safety  |2 eng 
700 1 |a Lipková, Michala  |u 059190  |k Z2  |4 ths  |U FAD Fakulta architektúry  |T FA Ústav dizajnu  |X 15371  |U A9190  |Y 400  |7 A000015371 
856 4 |u http://is.stuba.sk/zp/portal_zp.pl?podrobnosti=133710  |u https://opac.crzp.sk/?fn=detailBiblioForm&sid=28C7416B5E23CF19947F76CEF8E1 
SQL |a stuzp59350  |b DBP  |c SLO  |d Mobilita pre každý deň – produkt  |e 70402  |f Bártfayová, Adriána  |g 059190  |h 15371  |i Lipková, Michala  |j 20160609  |k 1466  |l 05  |m http://is.stuba.sk/zp/portal_zp.pl?podrobnosti=133710  |n B-D  |o 2.2.6. dizajn